Länder, die Deutschland am Nächsten Liegen - 1 Minute Sprint - Statistiken

Allgemein
  • Dieses Quiz wurde 434 mal gespielt
  • Das Durchschnittsergebnis liegt bei 15 aus 20
Antwortstatistiken
Km Land Meilen % Korrekt
0 Dänemark 0
99%
0 Belgien 0
97%
0 Schweiz 0
97%
0 Frankreich 0
96%
0 Niederlande 0
96%
0 Österreich 0
96%
0 Polen 0
96%
0 Luxemburg 0
94%
0 Tschechien 0
92%
45 Italien 28
84%
33 Liechtenstein 20
74%
72 Schweden 45
73%
224 Slowakei 139
69%
118 Slowenien 73
66%
327 Norwegen 203
63%
221 Ungarn 137
59%
222 Kroatien 138
39%
295 Vereinigtes Königreich 184
35%
357 Russland 222
31%
331 Bosnien und Herzegowina 205
22%
Keine übereinstimmenden Quizze gefunden
Verteilung der Resultate
Anzahl Personen mit jedem Resultat
Perzentil nach korrekt beantworteten Fragen
Ihre Resultats-Entwicklung
Sie haben dieses Quiz noch nicht gespielt